| 000 | 01304cam a22003497a 4500 | ||
|---|---|---|---|
| 003 | CHAP | ||
| 005 | 20220329135129.0 | ||
| 008 | 971013s1963 r 00010 d | ||
| 010 | _a31418 | ||
| 011 | _a32390 | ||
| 035 | _a36505 | ||
| 040 | _cCHAP | ||
| 082 |
_a585.213 _bM37 |
||
| 100 | 0 | 0 |
_aMartínez, Maximino. _972693 |
| 245 | 1 | 4 | _aLas pináceas mexicanas |
| 260 |
_aMéxico, D.F. : _bSecretaría de Agricultura y Ganadería, _c1953 |
||
| 300 |
_a362 p. _b: ilus |
||
| 590 |
_aBATCH-UPD _b10 _c20130110 _lUCH01 _h1752 |
||
| 590 |
_aBATCH-UPD _b10 _c20130410 _lUCH01 _h1129 |
||
| 590 |
_aBATCH-UPD _b10 _c20130914 _lUCH01 _h1802 |
||
| 590 |
_aCONVERSION _b10 _c20130109 _lUCH01 _h1318 |
||
| 650 | 1 | 4 |
_aPináceas _zMéxico. _988275 |
| 901 | _aBK | ||
| 942 | _cLIBRO | ||
| 949 |
_a585.213 M37 _bBC _cBPA _d-84191 _eBPA _fc.2 _h17027 _i36505 _si _t65.00 |
||
| 949 |
_a585.213 M37 _bBC _cC _d-84190 _eC _i36505 _si _t65.00 |
||
| 949 |
_a585.213 M37 _bBC _cC _d-84192 _eC _fc.3 _h45340 _i36505 _mD _si _t65.00 |
||
| 949 |
_a585.213 M37 _bBC _cC _d-84194 _eC _fc.5 _h45342 _i36505 _mD _si _t65.00 |
||
| 949 |
_a585.213 M37 _bBC _cC _d-84197 _eC _fc.7 _h45344 _i36505 _si _t65.00 |
||
| 949 |
_a585.213 M37 _bBC _cC _d33724000527248 _eC _fc.6 _h45343 _i36505 _si _t65.00 |
||
| 949 |
_a585.213 M37 _bBC _cC _d33724000986782 _eC _fc.4 _h45341 _i36505 _mD _si _t65.00 |
||
| 999 |
_c31418 _d31418 |
||